000 00452nam a2200145Ia 4500
008 090122s9999 xx 000 0 und d
082 _b8653
_aO155 : 9
100 _aपेंडसे
_bश्री
_cना
245 _aएक मुक्त संवाद
600 _aपेंडसे
630 _aएक मुक्त संवाद
700 _aपेंडसे
730 _aएक मुक्त संवाद
942 _cBOOK
999 _c32730
_d32730